Faculty of Law Library — Cairo University

Official Online Catalog

Law No. 157/1981 poomulagating the income tax law : (Record no. 73437)

MARC details
000 -LEADER
fixed length control field 00989nac a2200289 i 4500
003 - CONTROL NUMBER IDENTIFIER
control field EG-GICUC
005 - DATE AND TIME OF LATEST TRANSACTION
control field 20260426104311.0
008 - FIXED-LENGTH DATA ELEMENTS--GENERAL INFORMATION
fixed length control field 260426s2001 ua ||||fr|||| 00| 0 eng d
020 ## - INTERNATIONAL STANDARD BOOK NUMBER
Qualifying information 30 L. E.
International Standard Book Number 9775249260
040 ## - CATALOGING SOURCE
Original cataloging agency EG-GiCUC
Language of cataloging eng
Transcribing agency EG-GiCUC
Modifying agency EG-GiCUC
Description conventions rda
082 04 - DEWEY DECIMAL CLASSIFICATION NUMBER
Edition number 21
Classification number 336.24
092 ## - LOCALLY ASSIGNED DEWEY CALL NUMBER (OCLC)
Edition number 21
099 ## - LOCAL FREE-TEXT CALL NUMBER (OCLC)
Classification number Law 13 2001
245 00 - TITLE STATEMENT
Title Law No. 157/1981 poomulagating the income tax law :
Remainder of title as amended by the unified tax.
246 11 - VARYING FORM OF TITLE
Title proper/short title قانون الضرائب رقم 157 لسنة 1981 المعدل بالضريبة الموحدة
264 ## - PRODUCTION, PUBLICATION, DISTRIBUTION, MANUFACTURE, AND COPYRIGHT NOTICE
Place of production, publication, distribution, manufacture Egypt :
Name of producer, publisher, distributor, manufacturer The Middle East library for economic services,
Date of production, publication, distribution, manufacture, or copyright notice 2001.
300 ## - PHYSICAL DESCRIPTION
Extent 118 page ;
Dimensions 30 cm.
336 ## - CONTENT TYPE
Source rda content
Content type term text
337 ## - MEDIA TYPE
Source rda media
Media type term Computer
338 ## - CARRIER TYPE
Source rda carrier
Carrier type term Online Resource
490 ## - SERIES STATEMENT
Materials specified Meles Bulletin.
650 #0 - SUBJECT ADDED ENTRY--TOPICAL TERM
Topical term or geographic name entry element Tax law
Geographic subdivision Egypt.
650 #0 - SUBJECT ADDED ENTRY--TOPICAL TERM
Topical term or geographic name entry element Income tax
Geographic subdivision Egypt.
856 40 - ELECTRONIC LOCATION AND ACCESS
Uniform Resource Identifier <a href="https://fll.law.cu.edu.eg/fulltext/bks/ENGB13-00041.pdf">https://fll.law.cu.edu.eg/fulltext/bks/ENGB13-00041.pdf</a>
905 ## - Cataloger and Reviser Names
Cataloger Name: Hend El khosy
942 ## - ADDED ENTRY ELEMENTS (KOHA)
Source of classification or shelving scheme Dewey Decimal Classification
Koha item type Books
Edition 21
Suppress in OPAC No
Holdings
Withdrawn status Lost status Source of classification or shelving scheme Damaged status Not for loan Collection Home library Current library Date acquired Total checkouts Full call number Barcode Date last seen Copy number Price effective from Koha item type Public note
    Dewey Decimal Classification     المالية العامة والتشريع الضريبي جــــامعة القــاهرة مكتبة كلية الحقوق - فـرع الشيخ زايد 26.04.2026   Law2 1333624 LA 2001 1300041 C1 ENGB13-00041 26.04.2026 1 26.04.2026 Books 2328

© All rights reserved — Faculty of Law, Cairo University